Visualizzazione normale
Vista MARC
- Yong Jung Soo
di Personal Name
Records bibliografici associati: 1
001 - CONTROL NUMBER
- control field: 50711
003 - CONTROL NUMBER IDENTIFIER
- control field: IT-RoPau
005 - DATE AND TIME OF LATEST TRANSACTION
- control field: 20151202150046.0
008 - FIXED-LENGTH DATA ELEMENTS
- fixed length control field: 151202|| aca||aabn | a|a d
040 ## - CATALOGING SOURCE
- Original cataloging agency: IT-RoPau
- Transcribing agency: IT-RoPau
100 ## - HEADING--PERSONAL NAME
- Personal name: Yong Jung Soo
- Miscellaneous information: Codice regista SPICS: 60182
670 ## - SOURCE DATA FOUND
- Source citation: Work cat.: (IT-RoPau)107163: Yong Jung Soo Codice regista SPICS: 60182, GESU' UN REGNO SENZA CONFINI: LA PASSIONE E LA RESURREZIONE GESU' UN REGNO SENZA CONFINI: LA PASSIONE E LA RESURREZIONE (Rif. Codice opera principale : K0462)